[Event "14th Trieste Open A"]
[Site "Trieste ITA"]
[Date "2012.09.03"]
[Round "4"]
[White "Plenca,J"]
[Black "Tesic,D"]
[Result "1/2-1/2"]
[WhiteElo "2336"]
[BlackElo "2348"]

1.e4 c5 2.Nf3 e6 3.d4 cxd4 4.Nxd4 Nc6 5.Nc3 a6 6.Nxc6 bxc6 7.Bd3 d5 8.O-O Nf6
9.Re1 Be7 10.e5 Nd7 11.Qg4 Kf8 12.Bd2 a5 13.Na4 h5 14.Qf3 Kg8 15.c4 g6 16.Qg3 Kg7
17.Nc3 h4 18.Qf4 Rh5 19.g4 Bg5 20.gxh5 Bxf4 21.Bxf4 g5 22.Bc1 f6 23.f4 gxf4
24.Bxf4 fxe5 25.Rxe5 Nxe5 26.Bxe5+ Kh6 27.Bf4+ Kxh5 28.Re1 Qb6+ 29.Kg2 Qd4
30.Be2+ Kg6 31.Be3 Qg7 32.Kh1 Kh7 33.Bd3+ Kh8 34.Bf4 dxc4 35.Bf1 c5 36.Bg2 Bb7
37.Be5 Bxg2+ 38.Kg1 h3 39.Bxg7+ Kxg7 40.Rxe6 Rf8 41.Re1 Rf5 42.Nd1 Rd5 43.Kf2 Kf6
44.Ne3 Rd4 45.Re2 Bc6 46.Kg3 Bd7 47.Nf1 Be6 48.Nd2 Bf5 49.Nf1 Be6 50.Nd2 Bf5
51.Nf1 c3 52.bxc3 Rc4 53.Ne3 Rxc3 54.Kf4 Be6 55.Ke4 Rc1 56.Rf2+ Ke7 57.Rb2 Kf6
58.Rf2+ Kg5 59.a3 Rc3 60.Rf3 Rxa3 61.Ke5 Bg4 62.Rg3 Ra4 63.Nxg4 Rxg4 64.Rxh3 Rg2  1/2-1/2

[Event "40th Olympiad Women"]
[Site "Istanbul TUR"]
[Date "2012.09.05"]
[Round "8.33"]
[White "Milligan,H"]
[Black "Mir Mahmoud,A"]
[Result "1-0"]
[WhiteElo "1987"]
[BlackElo "1970"]

1.e4 c5 2.Nf3 e6 3.d4 cxd4 4.Nxd4 Nc6 5.Nc3 Nf6 6.Be3 Qc7 7.Bd3 a6 8.O-O Ne5
9.h3 Bc5 10.Kh1 b5 11.f4 Ng6 12.Qf3 Bb7 13.a3 h5 14.Qf2 d6 15.Rae1 Rc8 16.e5 dxe5
17.Nxe6 fxe6 18.Bxg6+ Ke7 19.Bxc5+ Qxc5 20.Qxc5+ Rxc5 21.fxe5 Nd7 22.Rf7+ Kd8
23.Rd1 Bc8 24.Rxg7 Rxe5 25.Ne4 Rd5 26.Rxd5 exd5 27.Nd6 Ne5 28.Nxc8 Kxc8 29.Bf5+ Kd8
30.Ra7 Rh6 31.b3 h4 32.Rh7 Rxh7 33.Bxh7 Ke7 34.g3 hxg3 35.Kg2 a5 36.Kxg3 Kf6
37.Kf4 Nc6 38.Bd3 Nd4 39.h4 a4 40.bxa4 bxa4 41.h5 Ne6+ 42.Kg4 d4 43.h6 Nc7
44.h7 Kg7 45.Kf4 Nd5+ 46.Ke5 Nc3 47.Kxd4 Nb1 48.c4  1-0

[Event "40th Olympiad Women"]
[Site "Istanbul TUR"]
[Date "2012.09.05"]
[Round "8.16"]
[White "Chumpitaz,A"]
[Black "Kochetkova,J"]
[Result "1-0"]
[WhiteElo "2160"]
[BlackElo "2305"]

1.e4 c5 2.Nf3 e6 3.d4 cxd4 4.Nxd4 Nc6 5.Nc3 Qc7 6.Be3 a6 7.f3 Nf6 8.Qd2 Bb4
9.g4 Ne5 10.g5 Nh5 11.a3 Be7 12.f4 Ng4 13.e5 d6 14.Be2 Nxe3 15.Qxe3 g6 16.Bxh5 gxh5
17.O-O-O Bd7 18.exd6 Qxd6 19.Ndb5 Qc6 20.Qe5 O-O 21.Nd4 Qc4 22.Nf5 exf5 23.Rxd7 Bd8
24.Qxf5 Rc8 25.Rhd1 b5 26.Kb1 Qc6 27.R1d6 Qf3 28.Rh6  1-0

[Event "40th Olympiad Open"]
[Site "Istanbul TUR"]
[Date "2012.09.05"]
[Round "8.27"]
[White "Escobar Forero,A"]
[Black "Steel,H"]
[Result "0-1"]
[WhiteElo "2493"]
[BlackElo "2397"]

1.e4 c5 2.Nf3 e6 3.d4 cxd4 4.Nxd4 Nc6 5.Nc3 Qc7 6.f4 a6 7.Nxc6 Qxc6 8.Bd3 b5
9.Qe2 Bb7 10.a3 Bc5 11.Be3 Ne7 12.O-O O-O 13.Rf3 Bxe3+ 14.Qxe3 f5 15.Rf2 Rac8
16.Rd1 Qc7 17.Qd4 Nc6 18.Qc5 Na5 19.Qxc7 Rxc7 20.exf5 exf5 21.Bf1 Nc4 22.Bxc4+ bxc4
23.Rd6 Bc6 24.Rfd2 Rb7 25.Nd1 Re8 26.Kf2 Re4 27.g3 Kf7 28.c3 Ke7 29.Ne3 g6
30.h4 Rb5 31.h5 g5 32.R6d4 gxf4 33.gxf4 Rxd4 34.cxd4 Be4 35.Nxc4 Rb3 36.Ne3 d5
37.a4 Kf7 38.a5 Kg7 39.Nd1 Rf3+ 40.Ke1 Rxf4 41.b4 Rg4 42.b5 axb5 43.a6 Kh6
44.a7 Rg8 45.Ra2 Ra8 46.Nc3 b4 47.Ra6+ Kg5 48.Na4 b3 49.Kd2 f4 50.h6 f3 51.Ke3 Kg4
52.Kf2 Bd3 53.Ra5 Bc4 54.Nb2 Kf4  0-1

[Event "40th Olympiad Open"]
[Site "Istanbul TUR"]
[Date "2012.09.05"]
[Round "8.38"]
[White "Ssegwanyi,Arthur"]
[Black "Zambrana,O"]
[Result "0-1"]
[WhiteElo "2178"]
[BlackElo "2471"]

1.e4 c5 2.Nf3 Nc6 3.Nc3 e6 4.d4 cxd4 5.Nxd4 Qc7 6.Be3 a6 7.Bd3 Nf6 8.O-O Bd6
9.Nxc6 dxc6 10.f4 e5 11.f5 h5 12.Kh1 Qe7 13.Bg5 Bc5 14.a4 b6 15.Nb1 Bb7 16.Qe2 h4
17.Nd2 h3 18.g3 b5 19.Nb3 Bb6 20.c4 Qb4 21.Ra3 bxc4 22.Bxc4 Rd8 23.a5 Ba7
24.Bd2 Qd6 25.Bg5 c5 26.Nd2 Qc7 27.Kg1 Rd4 28.Be3 Rd6 29.Bd3 O-O 30.Nc4 Rxd3
31.Rxd3 Bxe4 32.Rd2 Ba8 33.Rd6 Qb7 34.Rxf6 Qh1+ 35.Kf2 Qxh2+ 36.Ke1 Qxe2+
37.Kxe2 gxf6 38.Bg1 Rd8 39.b3 Be4 40.Rf2 Bc2 41.Rh2 Bxf5 42.Nb6 Bg4+ 43.Ke3 Rb8
44.b4 cxb4 45.Kd3 Be6 46.Bc5 Rd8+ 47.Ke3 b3 48.Be7 Rd5  0-1

[Event "11th Kesarovski-Stanchev Mem"]
[Site "Sunny Beach BUL"]
[Date "2012.09.05"]
[Round "5.60"]
[White "Valev,Dimitar"]
[Black "Taylor,RG"]
[Result "1-0"]
[WhiteElo "1730"]
[BlackElo "1929"]

1.e4 c5 2.Nf3 e6 3.d4 cxd4 4.Nxd4 Nc6 5.Nc3 Qc7 6.Be3 a6 7.Bd3 Nf6 8.O-O d6
9.f4 Be7 10.a4 O-O 11.Kh1 Bd7 12.Qf3 Nxd4 13.Bxd4 Bc6 14.Rae1 Qa5 15.Qf2 Qh5
16.Be2 Qa5 17.Bd3 e5 18.Be3 Ng4 19.Qg3 Nxe3 20.Qxe3 exf4 21.Qxf4 Qg5 22.Qf2 Bf6
23.Ra1 Rae8 24.Rfe1 Be5 25.Nd1 Re6 26.Nc3 Rh6 27.h3 Bg3 28.Qe3 Qh4 29.Red1 Bd7
30.Bf1 Bf2 31.Qd3 Qg5 32.Ne2 Re8 33.Ra3 Bc6 34.Nc3 Rhe6 35.Nd5 Rxe4 36.Nc7 Re3
37.Qxd6 Rxh3+ 38.Rxh3 Rf8 39.Nd5 Re8 40.Nc3 Qg4 41.Kh2 Be3 42.Qd3 Bf4+ 43.Kh1 g6
44.b4 Be5 45.b5 Bxc3 46.bxc6  1-0

[Event "40th Olympiad Open"]
[Site "Istanbul TUR"]
[Date "2012.09.06"]
[Round "9.31"]
[White "Ezov,R"]
[Black "Bae,T"]
[Result "0-1"]
[WhiteElo "2185"]
[BlackElo "2420"]

1.e4 c5 2.Nf3 e6 3.d4 cxd4 4.Nxd4 Nc6 5.Nc3 Qc7 6.Be3 Nf6 7.Be2 a6 8.O-O Bb4
9.Na4 O-O 10.Nxc6 bxc6 11.Nb6 Rb8 12.Nxc8 Rfxc8 13.Bxa6 Rf8 14.Bd3 Bd6 15.f4 e5
16.f5 Rxb2 17.g4 Qa5 18.g5 Ne8 19.Kh1 Bc5 20.Bd2 Bb4 21.Bc1 Rxa2 22.Rxa2 Qxa2
23.Qe2 Nd6 24.Be3 c5 25.c3 Qxe2 26.Bxe2 Bxc3 27.Bxc5 Nxe4 28.Bxf8 Kxf8 29.g6 Nf6
30.Rf3 Bd4 31.Bb5 Ke7 32.Rg3 e4 33.Kg2 Be5 34.Ra3 hxg6 35.fxg6 fxg6 36.Ra7 Ke6
37.h3 g5 38.Kf1 g6 39.Be2 d5 40.Rg7 Kf5 41.Ba6 d4 42.Bc8+ Kf4 43.Rxg6 d3
44.Ba6 Nd5 45.Rg8 Nc3  0-1

[Event "40th Olympiad Open"]
[Site "Istanbul TUR"]
[Date "2012.09.06"]
[Round "9.4"]
[White "Guseinov,G"]
[Black "Macieja,B"]
[Result "1/2-1/2"]
[WhiteElo "2613"]
[BlackElo "2594"]

1.e4 c5 2.Nf3 Nc6 3.Nc3 e6 4.d4 cxd4 5.Nxd4 Qc7 6.Be3 a6 7.Qd2 Nf6 8.O-O-O Be7
9.f4 b5 10.e5 b4 11.exf6 bxc3 12.Qxc3 Bxf6 13.g4 h6 14.h4 Bb7 15.Rh2 Rc8
16.Qd2 Nxd4 17.Bxd4 Bxd4 18.Qxd4 O-O 19.g5 h5 20.Rf2 d5 21.Bd3 g6 22.a3 a5
23.Re1 Bc6 24.Qf6 Bb5 25.Bxb5 Qb6 26.Ree2 Qxb5 27.Rxe6 fxe6 28.Qxg6+ Kh8
29.Qh6+ Kg8 30.Qg6+ Kh8 31.Qh6+ Kg8 32.Qg6+  1/2-1/2

[Event "40th Olympiad Open"]
[Site "Istanbul TUR"]
[Date "2012.09.06"]
[Round "9.42"]
[White "Kulpruethanon,Thanadon"]
[Black "Samhouri,A"]
[Result "1/2-1/2"]
[WhiteElo "2068"]
[BlackElo "2373"]

1.e4 c5 2.Nf3 e6 3.d4 cxd4 4.Nxd4 Nc6 5.Nc3 Qc7 6.Be3 a6 7.Bd3 Nf6 8.O-O Nxd4
9.Bxd4 Bc5 10.Bxc5 Qxc5 11.Qe2 d6 12.Kh1 e5 13.f4 O-O 14.Bc4 exf4 15.Rxf4 Be6
16.Bb3 Qe5 17.Raf1 b5 18.Qd3 Rac8 19.Bd5 b4 20.Na4 Bd7 21.Nb6 Bb5 22.Bc4 Rc6
23.Bxb5 axb5 24.Rxf6 Rxb6 25.R6f5 Qxb2 26.Qd5 h6 27.Rxf7 Rxf7 28.Qxf7+ Kh7
29.Qf5+ Kg8 30.Qe6+ Kh7 31.Qf5+  1/2-1/2

[Event "9th LGA Premium Cup"]
[Site "Nuernberg GER"]
[Date "2012.09.06"]
[Round "1.20"]
[White "Heinz,A"]
[Black "Hecht,C"]
[Result "1-0"]
[WhiteElo "2456"]
[BlackElo "2094"]

1.e4 c5 2.Nf3 e6 3.d4 cxd4 4.Nxd4 Nc6 5.Nc3 Qc7 6.g3 a6 7.Bg2 Nf6 8.O-O Be7
9.Re1 d6 10.Nxc6 bxc6 11.e5 dxe5 12.Rxe5 O-O 13.Re1 Bb7 14.Bf4 Qb6 15.Na4 Qa7
16.Qf3 Nd5 17.Be5 Rad8 18.Rad1 Ba8 19.c4 Nf6 20.c5 Nd7 21.Bd4 Qb8 22.Qc3 Bf6
23.Bf1 Bb7 24.Qa5 Bxd4 25.Rxd4 Ne5 26.Rxd8 Nf3+ 27.Kh1 Rxd8 28.Re3 Nd4 29.Nb6 Nc2
30.Rd3 Nd4 31.Nc4 Kf8 32.Nd6 Rxd6 33.cxd6 c5+ 34.Bg2 Qa8 35.Bxb7 Qxb7+ 36.Kg1 Ke8
37.Qxc5  1-0

[Event "11th Istanbul Open A"]
[Site "Istanbul TUR"]
[Date "2012.09.07"]
[Round "8"]
[White "Mahdia,F"]
[Black "Elmas,M"]
[Result "0-1"]
[WhiteElo "2105"]
[BlackElo "1890"]

1.e4 c5 2.Nf3 Nc6 3.Nc3 e6 4.d4 cxd4 5.Nxd4 a6 6.Be3 Nf6 7.Nxc6 bxc6 8.e5 Nd5
9.Nxd5 cxd5 10.Bd3 Bb4+ 11.c3 Be7 12.Qg4 g6 13.Bh6 Rb8 14.Qe2 Bg5 15.Bxg5 Qxg5
16.O-O O-O 17.f4 Qd8 18.b3 d6 19.Kh1 Rb6 20.Rac1 Bb7 21.Qf2 Rc6 22.c4 dxc4
23.Rxc4 Rxc4 24.Bxc4 d5 25.Bd3 Qc7 26.h3 Rc8 27.Qd4 Qc3 28.Qxc3 Rxc3 29.Rd1 Kf8
30.Kg1 Ke7 31.Kf2 Bc6 32.Ke2 Bb5 33.a4 Rc2+ 34.Rd2 Bxd3+ 35.Kxd3 Rxd2+ 36.Kxd2 a5
37.Kd3 Kd7 38.g4 h6 39.Kc3 g5 40.f5 Kc6 41.b4 axb4+ 42.Kxb4 Kb6 43.Kb3 Kc5
44.Kc3 Kc6 45.Kd3 Kb6 46.Kc3 Kc5 47.Kb3 Kd4 48.a5 Kc5 49.Ka4 d4 50.Kb3 Kb5
51.a6 Kxa6 52.Kc4 Ka5 53.Kxd4 Kb4 54.f6 Kb5 55.Kd3 Kc5 56.Ke4 Kc4  0-1

[Event "40th Olympiad Open"]
[Site "Istanbul TUR"]
[Date "2012.09.07"]
[Round "10.13"]
[White "Perez Candelario,Man"]
[Black "Halkias,S"]
[Result "1/2-1/2"]
[WhiteElo "2575"]
[BlackElo "2574"]

1.e4 c5 2.Nf3 e6 3.d4 cxd4 4.Nxd4 Nc6 5.Nc3 Qc7 6.Be3 Nf6 7.Qd2 Bb4 8.f3 Nxd4
9.Qxd4 Bxc3+ 10.Qxc3 Qxc3+ 11.bxc3 d6 12.c4 b6 13.a4 Ke7 14.a5 Bb7 15.axb6 axb6
16.Rxa8 Rxa8 17.Bxb6 Nd7 18.Bd4 e5 19.Bf2 Ra4 20.Kd2 Ba6 21.Kc3 Ra3+ 22.Kb4 Ra1
23.Rg1 Rb1+ 24.Kc3 Nc5 25.Be2 Rxg1 26.Bxg1 Kd7 27.Kb4 Kc6 28.g3 Bc8 29.Bf1 Be6
30.Be3 f6 31.h4 h6 32.Bg2 Na6+ 33.Kc3 Nc5 34.Bf1 Na4+ 35.Kb4 Nc5 36.Bd2 Kb6
37.Bc1 Na6+ 38.Ka3 Nc5 39.Bd2 Ka6 40.Bb4 Kb6 41.Kb2 Kc6 42.Be2 Na4+ 43.Kb3 Nc5+
44.Ka3 Kb6 45.Bd3 Kc6 46.Kb2 Na4+ 47.Kb3 Nc5+ 48.Ka2 Kb6 49.Kb1 Kc6 50.Kc1 Na4
51.f4 Nb6 52.c5 dxc5 53.Bc3 Kd6 54.Kd2 Na4 55.Ba5 Nb2 56.Kc3 Na4+ 57.Kd2 Nb2
58.Bc3 Nxd3 59.cxd3 h5 60.Ba5 exf4 61.gxf4 g6 62.Ke3  1/2-1/2

[Event "40th Olympiad Open"]
[Site "Istanbul TUR"]
[Date "2012.09.07"]
[Round "10.13"]
[White "Kotronias,V"]
[Black "Korneev,O"]
[Result "1/2-1/2"]
[WhiteElo "2589"]
[BlackElo "2581"]

1.e4 c5 2.Nf3 e6 3.d4 cxd4 4.Nxd4 Nc6 5.Nc3 Qc7 6.Be3 a6 7.Qd2 Nf6 8.O-O-O Nxd4
9.Qxd4 Ng4 10.Qb6 Qc6 11.Bd4 e5 12.Be3 Be7 13.Nd5 Bd8 14.Qb3 Nxe3 15.Nxe3 Qxe4
16.Bd3 Qf4 17.g3 Qh6 18.f4 d6 19.Bf5 O-O 20.Bxc8 Rxc8 21.Nf5 Qg6 22.Nxd6 Rc6
23.fxe5 Be7 24.Kb1 b5 25.Qd3 Qxd3 26.Rxd3 g6 27.Rhd1 Kg7 28.c3 h5 29.h3 Rd8
30.Ne4 Rxd3 31.Rxd3 Re6 32.Rd5 f5 33.Nd2 Kf7 34.Nf3 Rb6 35.Nd4 Ke8 36.Kc2 h4
37.gxh4 Bxh4 38.Kb3 Be7 39.a3 Rb7 40.Kc2 Rd7 41.Rxd7 Kxd7 42.c4 bxc4 43.Kc3 Bg5
44.Kxc4 Bc1 45.b3 Bxa3 46.Kd5 Bc1 47.Nf3 g5 48.e6+ Ke8 49.Nd4 g4 50.hxg4 fxg4
51.Nf5 Bf4 52.Ke4 g3  1/2-1/2

[Event "40th Olympiad Open"]
[Site "Istanbul TUR"]
[Date "2012.09.07"]
[Round "10.35"]
[White "Thorhallsson,T"]
[Black "Jeitz,C"]
[Result "1-0"]
[WhiteElo "2426"]
[BlackElo "2212"]

1.e4 c5 2.Nf3 Nc6 3.d4 cxd4 4.Nxd4 e6 5.Nc3 a6 6.Be2 d6 7.Be3 Nf6 8.f4 Be7
9.O-O O-O 10.a4 Bd7 11.Nb3 Na5 12.e5 Ne8 13.Nxa5 Qxa5 14.Ne4 d5 15.Ng5 Bc5
16.Qd3 f5 17.exf6 Nxf6 18.Kh1 Bxe3 19.Qxe3 Rae8 20.Bd3 h6 21.Nf3 Ng4 22.Qd4 Qc7
23.Nh4 Bc6 24.Ng6 Rf7 25.h3 e5 26.fxe5 Nxe5 27.Rxf7 Nxf7 28.Rf1 Qg3 29.b4 Ne5
30.Nxe5 Qxe5 31.Qg4 d4 32.Rf4 g5 33.Rf5 Qe3 34.Qh5 Qe6 35.Bc4 Qxc4 36.Qg6+ Kh8
37.Qxh6+ Kg8 38.Qxg5+ Kh7 39.Qh4+  1-0

[Event "40th Olympiad Women"]
[Site "Istanbul TUR"]
[Date "2012.09.07"]
[Round "10.10"]
[White "Videnova,I"]
[Black "Gara,T"]
[Result "1-0"]
[WhiteElo "2317"]
[BlackElo "2385"]

1.e4 c5 2.Nf3 e6 3.d4 cxd4 4.Nxd4 Nc6 5.Nc3 d6 6.Be3 Nf6 7.Be2 Be7 8.O-O O-O
9.Kh1 a6 10.a4 Qc7 11.f4 Re8 12.a5 Nxa5 13.e5 dxe5 14.fxe5 Qxe5 15.Bf4 Qc5
16.Na4 Qa7 17.Be3 b6 18.c4 Bd7 19.b4 Nc6 20.Nxc6 Bxc6 21.Nxb6 Qb7 22.Nxa8 Bxg2+
23.Kg1 Bxf1 24.Bf3 Ne4 25.Nb6 Bh3 26.c5 f5 27.Qe2 Rd8 28.Qc4 Kf7 29.Rxa6 Qc7
30.Qe2 Nc3 31.Qe1 Qe5 32.Nc4 Qf6 33.Qg3 Qh4 34.Nd6+ Kf8 35.Qxh4 Bxh4 36.Bd4 Ne4
37.Bxe4 fxe4 38.Ra7 e5 39.Bxe5 Rd7 40.Ra3 Be6 41.c6 e3 42.cxd7 Bf2+ 43.Kf1 Bxd7
44.Bg3 Bh3+ 45.Ke2 Bg4+ 46.Kd3  1-0

[Event "40th Olympiad Open"]
[Site "Istanbul TUR"]
[Date "2012.09.07"]
[Round "10.9"]
[White "Negi,P"]
[Black "Quesada Perez,Yu"]
[Result "1-0"]
[WhiteElo "2664"]
[BlackElo "2626"]

1.e4 c5 2.Nf3 e6 3.d4 cxd4 4.Nxd4 Nc6 5.Nc3 Qc7 6.Be3 a6 7.Qd2 Nf6 8.O-O-O Be7
9.f3 O-O 10.g4 b5 11.g5 Nh5 12.Nce2 Rd8 13.Ng3 Nxd4 14.Nxh5 Nxf3 15.Qf2 Ne5
16.Bb6 Qb8 17.Rg1 Bb7 18.Bd3 Kh8 19.Rg3 d6 20.Rdg1 d5 21.Nf6 dxe4 22.Nxh7 Rxd3
23.cxd3 Kxh7 24.Rh3+ Kg6 25.Qh4 Qh8 26.Qxh8 Rxh8 27.Rxh8 exd3 28.Be3 Nc4
29.Bd2 e5 30.h4 Bf3 31.Rg8 Bc5 32.Rf1 Be2 33.Re1 Bf2 34.b3 Nxd2 35.Kxd2 Bxh4
36.Rxe2 dxe2 37.Kxe2 Bxg5 38.Ra8 f5 39.Rxa6+ Kh5 40.Rb6 e4 41.Rxb5 Kg4 42.a4 f4
43.Rxg5+ Kxg5 44.a5 f3+ 45.Kf1  1-0

[Event "40th Olympiad Women"]
[Site "Istanbul TUR"]
[Date "2012.09.07"]
[Round "10.2"]
[White "Pogonina,N"]
[Black "Kursova,M"]
[Result "1-0"]
[WhiteElo "2448"]
[BlackElo "2338"]

1.e4 c5 2.Nf3 e6 3.d4 cxd4 4.Nxd4 Nc6 5.Nc3 Qc7 6.Be2 a6 7.O-O Nf6 8.Be3 d6
9.f4 Be7 10.Kh1 O-O 11.a4 Re8 12.Qd2 Bd7 13.Nf3 Rad8 14.Bd3 Bc8 15.Qe2 Nd7
16.f5 Bf6 17.e5 Ncxe5 18.Nxe5 Bxe5 19.fxe6 Rxe6 20.Bxh7+ Kf8 21.Nd5 Qa5 22.c4 Rde8
23.Bf5 Kg8 24.Bxe6 Rxe6 25.Qf2 Bf6 26.Bb6 Nxb6 27.b4 Nxd5 28.bxa5 Ne3 29.Qf3 Nxf1
30.Rxf1 Re7 31.Qd3 Be5 32.c5 Be6 33.c6 Bc8 34.Rb1 Rc7 35.cxb7 Bxb7 36.h3 g6
37.Kg1 Kg7 38.Qe3 Bd5 39.Rd1 Ba8 40.Rd2 Rc5 41.Qb3 Rxa5 42.Qb8 Bc6 43.Qb6 Rc5
44.Qxa6 Bf4 45.Qd3 Bxd2 46.Qxd2 Re5 47.a5 Bb5 48.Qa2 Ba6 49.Qb2 Bb5 50.Qd4 Ba6
51.Qb6 Be2 52.a6 Bxa6 53.Qxa6 Re6 54.Qc6 Kg8 55.Kf2 Kg7 56.Kf3 Kg8 57.Kf4 Kg7
58.Qd7 Kg8 59.g4 Kg7 60.Qd8 Rf6+ 61.Ke4 Re6+ 62.Kd5 Re3 63.h4 Rd3+ 64.Kc6 Rd4
65.Qg5 f6 66.Qe3 Rxg4 67.Qe7+ Kh6 68.Qxf6 Kh7 69.Qe7+ Kh6 70.Qd8 Rc4+ 71.Kd5 Rc5+
72.Kxd6  1-0

[Event "40th Olympiad Open"]
[Site "Istanbul TUR"]
[Date "2012.09.07"]
[Round "10.38"]
[White "Giron,D"]
[Black "Vazquez,Guillermo"]
[Result "1/2-1/2"]
[WhiteElo "2025"]
[BlackElo "2323"]

1.e4 c5 2.Nf3 e6 3.d4 cxd4 4.Nxd4 Nc6 5.Nc3 Qc7 6.Be3 a6 7.Bd3 Nf6 8.O-O Nxd4
9.Bxd4 Bc5 10.Bxc5 Qxc5 11.Kh1 d6 12.f4 e5 13.f5 Bd7 14.Qe1 Bc6 15.a3 Rc8
16.b4 Qb6 17.b5 axb5 18.Rb1 O-O 19.a4 b4 20.Nb5 Qc5 21.Qxb4 Qxb4 22.Rxb4 d5
23.Na7 Ra8 24.Nxc6 bxc6 25.Ra1 Ra5 26.Kg1 Rfa8 27.exd5 cxd5 28.Bb5 Kf8 29.c4 Ke7
30.Re1 Kd6 31.cxd5 e4 32.Rc4 Kxd5 33.Rd1+ Ke5 34.Rc5+ Kf4 35.g3+ Kg5 36.h4+ Kh6
37.Rc6 Kh5 38.Kg2 Rxb5 39.axb5 Ra2+ 40.Kg1 Rb2 41.Rf1 Kg4 42.Rf2 Rxb5 43.Kg2 Nd5
44.Re2 e3 45.Rd6 Kxf5 46.Rxd5+ Rxd5 47.Rxe3 h5 48.Kf3 f6 49.Ra3 Rb5 50.Rc3 g5
51.hxg5 fxg5 52.g4+ hxg4+ 53.Kg3 Rb4 54.Rc5+ Kg6 55.Rc8 Rf4 56.Rg8+ Kf5 57.Rf8+ Ke4
58.Re8+ Kd3 59.Re7 Re4 60.Rxe4 Kxe4 61.Kxg4  1/2-1/2

[Event "9th LGA Premium Cup"]
[Site "Nuernberg GER"]
[Date "2012.09.07"]
[Round "4.64"]
[White "Radziwill,Gerrit"]
[Black "Hecht,C"]
[Result "0-1"]
[WhiteElo "1841"]
[BlackElo "2094"]

1.e4 c5 2.Nf3 e6 3.d4 cxd4 4.Nxd4 Nc6 5.Nc3 Qc7 6.Be3 a6 7.Bd3 Nf6 8.h3 Ne5
9.O-O Bc5 10.Rc1 d6 11.Na4 Ba7 12.b4 Nc4 13.b5 Nxe3 14.fxe3 e5 15.b6 Bxb6
16.Nxb6 Qxb6 17.Rb1 Qa7 18.Nf5 Bxf5 19.exf5 Qxe3+ 20.Kh1 b5 21.c4 O-O 22.cxb5 axb5
23.Bxb5 Rxa2 24.Rf3 Qg5 25.Bf1 d5 26.Rb7 e4 27.Rfb3 Qxf5 28.Qb1 Raa8 29.Be2 Qe5
30.Rb2 g6 31.Qf1 Kg7 32.Bd1 Ra1 33.Rd2 e3 34.Qe1 exd2  0-1

[Event "3rd Oliver Gonzalez Mem Open A"]
[Site "Madrid ESP"]
[Date "2012.09.08"]
[Round "8.24"]
[White "Rodriguez Melendez,Juan Humbert"]
[Black "Garcia Salamero,G"]
[Result "0-1"]
[WhiteElo "2080"]
[BlackElo "2239"]

1.e4 c5 2.Nc3 e6 3.Nf3 Nc6 4.d4 cxd4 5.Nxd4 Qc7 6.Be3 Nf6 7.Be2 a6 8.Nxc6 dxc6
9.f4 Bb4 10.Qd3 O-O 11.Rd1 e5 12.f5 Be7 13.O-O b5 14.Bf3 a5 15.Qd2 Ba6 16.Rfe1 b4
17.Na4 c5 18.Qf2 Rac8 19.b3 Bb7 20.Qg3 Kh8 21.Bg5 Rfd8 22.Rxd8+ Rxd8 23.Nb2 Ba6
24.h3 Ne8 25.Be3 f6 26.Qf2 Qc6 27.Kh2 c4 28.Na4 c3 29.Nb6 Nc7 30.Nd5 Nxd5
31.exd5 Qb5 32.Bb6 Rb8 33.Ba7 Rc8 34.Rd1 Bd6 35.Bb6 e4+ 36.Kh1 exf3 37.gxf3 Rb8
38.Re1 Qxd5 39.Qe3 Bb7 40.Qe8+ Bf8 41.Qe4 Qd2  0-1

[Event "3rd Oliver Gonzalez Mem Open A"]
[Site "Madrid ESP"]
[Date "2012.09.08"]
[Round "8.7"]
[White "Moreno Tejera,E"]
[Black "Horvath,Ad1"]
[Result "1-0"]
[WhiteElo "2358"]
[BlackElo "2495"]

1.e4 c5 2.Nf3 e6 3.d4 cxd4 4.Nxd4 Nc6 5.Nc3 Qc7 6.Be3 Nf6 7.f4 Bb4 8.Nb5 Qa5
9.e5 Nd5 10.Bd2 Nxc3 11.Bxc3 O-O 12.Qd2 f6 13.exf6 Rxf6 14.a3 Bxc3 15.Nxc3 d5
16.O-O-O Bd7 17.g3 Be8 18.Kb1 Rb8 19.Ne2 Qb6 20.Nc1 Rc8 21.Nb3 a5 22.h4 Bh5
23.Be2 Bxe2 24.Qxe2 a4 25.Nc1 Na5 26.Nd3 Nc4 27.Nb4 Ne3 28.Rd3 Nc4 29.h5 h6
30.Re1 Rcf8 31.Qd1 Kh8 32.Ka2 Qc5 33.Re2 Rc8 34.Qe1 Qb6 35.g4 Rcf8 36.g5 hxg5
37.h6 gxf4 38.hxg7+ Kxg7 39.Qh4 Ne3 40.Rh2 Kf7 41.Qg5 Ke7 42.Rh7+ Rf7 43.Rh4 Qd6
44.Rh8 Nf5 45.Rc3 Ng7 46.Rcc8 f3 47.Nd3 d4 48.Ne5 Qd5+ 49.b3 axb3+ 50.cxb3 Qe4
51.Ng6+  1-0

[Event "14th Trieste Open A"]
[Site "Trieste ITA"]
[Date "2012.09.08"]
[Round "9"]
[White "Vorobiov,E"]
[Black "Tesic,D"]
[Result "1-0"]
[WhiteElo "2594"]
[BlackElo "2348"]

1.e4 c5 2.Nf3 Nc6 3.d4 cxd4 4.Nxd4 e6 5.Nc3 Qc7 6.Be3 a6 7.Qd2 Nf6 8.O-O-O Bb4
9.f3 Na5 10.Bf2 Nc4 11.Bxc4 Qxc4 12.Qg5 O-O 13.e5 Ne8 14.Nde2 Bxc3 15.Nxc3 f6
16.exf6 Nxf6 17.Bc5 d6 18.Bxd6 h6 19.Qa5 Rf7 20.Be5 b5 21.Rd4 Qc5 22.Bxf6 gxf6
23.Qd8+ Kh7 24.Ne4 Qf8 25.Rhd1 Kg7 26.Qxf8+ Rxf8 27.Rd8 Kf7 28.Rxf8+ Kxf8
29.Nxf6 Kf7 30.Ne4 Ke7 31.Nc5 Rb8 32.b4 Rb6 33.Rd4 e5 34.Rd5 Kf6 35.Rd8 Bf5
36.Rf8+ Kg5 37.h4+ Kg6 38.Re8 Kf6 39.g4 Bg6 40.Nd7+ Kf7 41.Rf8+ Ke7 42.Nxb6  1-0

[Event "40th Olympiad Open"]
[Site "Istanbul TUR"]
[Date "2012.09.09"]
[Round "11.22"]
[White "Tomic,Bos"]
[Black "Murshed,N"]
[Result "1/2-1/2"]
[WhiteElo "2423"]
[BlackElo "2462"]

1.e4 c5 2.Nf3 e6 3.Nc3 Nc6 4.d4 cxd4 5.Nxd4 Qc7 6.g3 a6 7.Bg2 Nf6 8.O-O Be7
9.Re1 O-O 10.Nxc6 dxc6 11.e5 Rd8 12.Qf3 Nd5 13.Qg4 b5 14.Bh6 g6 15.Bg5 Nxc3
16.bxc3 Bxg5 17.Qxg5 Bb7 18.Rad1 Rd7 19.Rxd7 Qxd7 20.Bf3 c5 21.Bxb7 Qxb7
22.Rd1 Qe4 23.Rd8+ Rxd8 24.Qxd8+ Kg7 25.Qf6+ Kg8 26.Qd8+ Kg7 27.Qf6+ Kg8
28.Qd8+  1/2-1/2

[Event "40th Olympiad Women"]
[Site "Istanbul TUR"]
[Date "2012.09.09"]
[Round "11.5"]
[White "Zawadzka,J"]
[Black "Galojan,L"]
[Result "1-0"]
[WhiteElo "2377"]
[BlackElo "2349"]

1.e4 c5 2.Nf3 Nc6 3.d4 cxd4 4.Nxd4 e6 5.Nc3 Qc7 6.Be3 a6 7.Be2 Nf6 8.O-O Bb4
9.Na4 Be7 10.Nxc6 bxc6 11.Nb6 Rb8 12.Nxc8 Qxc8 13.Bd4 c5 14.Be5 Rb6 15.Qd3 O-O
16.Rad1 d6 17.Bc3 d5 18.exd5 Nxd5 19.Be5 f6 20.Bc3 Nf4 21.Qf3 Nxe2+ 22.Qxe2 Rc6
23.Rd3 Rd8 24.Rg3 Rd5 25.f4 Qd7 26.Re1 c4 27.Kh1 Bd8 28.h3 Rf5 29.Re3 Rxf4
30.g3 Rf5 31.Rxe6 Rxe6 32.Qxe6+ Qxe6 33.Rxe6 Ba5 34.Bd4 Rf1+ 35.Kg2 Rc1 36.c3 Bc7
37.Rxa6 Rc2+ 38.Kf3 Rxb2 39.Ra8+ Rb8 40.Rxb8+ Bxb8 41.Bb6 Be5 42.a4 Bxc3
43.a5 Bxa5 44.Bxa5 Kf7 45.Ke4 Ke6 46.Bc3 h6 47.Bd2 h5 48.Bb4 Kf7 49.Kd5 Kg6
50.Kxc4 Kf5 51.Kd3 h4 52.gxh4 Kf4 53.Ke2 Kg3 54.Be1+ Kxh3 55.Kf3 g6 56.Bg3 f5
57.Be1 Kh2 58.Kf4 Kg2 59.Kg5  1-0

[Event "40th Olympiad Open"]
[Site "Istanbul TUR"]
[Date "2012.09.09"]
[Round "11.4"]
[White "Robson,R"]
[Black "Macieja,B"]
[Result "1-0"]
[WhiteElo "2598"]
[BlackElo "2594"]

1.e4 c5 2.Nf3 Nc6 3.d4 cxd4 4.Nxd4 e6 5.Nc3 Qc7 6.Be3 a6 7.Qd2 Nf6 8.O-O-O Nxd4
9.Qxd4 Ng4 10.Qb6 Qc6 11.Bd4 e5 12.Be3 Be7 13.h3 Nxe3 14.Qxe3 d6 15.g3 Qc5
16.Qxc5 dxc5 17.h4 Be6 18.Nd5 Rd8 19.Bc4 Bxd5 20.Bxd5 Rb8 21.c3 O-O 22.Kc2 b5
23.a4 c4 24.axb5 axb5 25.Ra1 Bc5 26.f4 exf4 27.gxf4 Rfc8 28.h5 Kf8 29.Ra6 Bb6
30.Rh3 Rc7 31.Rh1 Ke7 32.Rd1 Be3 33.Re1 Bb6 34.e5 Rc5 35.Be4 g6 36.Rd1 g5
37.Rd6 Bc7 38.Rdc6 Rxc6 39.Rxc6 Kd7 40.Rf6 Ke7 41.Bd5 Rf8 42.Rc6 Kd7 43.fxg5 Rg8
44.Rc5 Bxe5 45.g6 Rb8 46.Bxf7 Bh8 47.gxh7 Ke7 48.Bg6 Kd6 49.Rg5 b4 50.Bf7 bxc3
51.bxc3 Rb3 52.Rg3 Rb7 53.Rg8 Rxf7 54.Rxh8 Rd7 55.Kd2 Ke5+ 56.Ke3 Re7 57.Kf3 Rf7+
58.Ke3 Re7 59.Kd2 Rd7+ 60.Kc2 Kd5 61.h6 Kd6 62.Kd2 Ke5+ 63.Ke3 Re7 64.Kf3 Rf7+
65.Ke2 Re7 66.Ke3 Kd5+ 67.Kf4 Ke6 68.Kg5 Ke5 69.Rd8 Rxh7 70.Kg6 Ra7 71.h7 Ra6+
72.Kg5  1-0

[Event "40th Olympiad Women"]
[Site "Istanbul TUR"]
[Date "2012.09.09"]
[Round "11.13"]
[White "Sihite,Chelsie Monica"]
[Black "Botsari,A"]
[Result "1-0"]
[WhiteElo "2162"]
[BlackElo "2336"]

1.e4 c5 2.Nf3 e6 3.d4 cxd4 4.Nxd4 Nc6 5.Nc3 Qc7 6.Be2 a6 7.O-O Nf6 8.Be3 Bb4
9.Na4 Be7 10.Nxc6 bxc6 11.Nb6 Rb8 12.Nxc8 Qxc8 13.Bd4 Qc7 14.e5 Nd5 15.c4 Nf4
16.g3 c5 17.Bc3 Nh3+ 18.Kg2 Ng5 19.f3 f6 20.h4 Nf7 21.f4 f5 22.Bf3 O-O 23.Qa4 Rb6
24.Rf2 d6 25.Rd1 Qc8 26.Rfd2 dxe5 27.fxe5 Qb8 28.Rd7 Bd8 29.Qa3 Qc8 30.Ra7 f4
31.Rdd7 fxg3 32.Kxg3 Rc6 33.Ba5 Bb6 34.Bxb6 Rxb6 35.Rac7 Qe8 36.Qxc5 Rb8
37.Bc6 Rc8 38.Qa7 Rxc7 39.Qxc7 Kh8 40.Re7 Qd8 41.Rxf7 Qd3+ 42.Rf3 Qg6+ 43.Kh3 Rxf3+
44.Bxf3 Qf5+ 45.Kg3 Qg6+ 46.Kf2 Qc2+ 47.Be2 Qf5+ 48.Ke3 Qh3+ 49.Ke4  1-0

[Event "40th Olympiad Women"]
[Site "Istanbul TUR"]
[Date "2012.09.09"]
[Round "11.23"]
[White "Blagojevic,Tijana"]
[Black "Sahl,S"]
[Result "1/2-1/2"]
[WhiteElo "2004"]
[BlackElo "2235"]

1.e4 c5 2.Nf3 e6 3.d4 cxd4 4.Nxd4 Nc6 5.Nc3 Qc7 6.Be3 a6 7.Bd3 Nf6 8.O-O Be7
9.Kh1 d6 10.f4 Nxd4 11.Bxd4 e5 12.Be3 b5 13.Qf3 Bb7 14.a4 bxa4 15.Rxa4 O-O
16.Nd5 Nxd5 17.exd5 Qd7 18.b3 f5 19.Qh3 Bc8 20.c4 e4 21.Bc2 Bf6 22.Rg1 Qe7
23.Qh5 Bd7 24.Ra2 Bc3 25.Qe2 Rfc8 26.Rd1 Qf6 27.Qf2 a5 28.Bd4 Bxd4 29.Qxd4 Qxd4
30.Rxd4 Ra7 31.Kg1 a4 32.bxa4 Rb8 33.Kf2 Rb4 34.Ke3 Rc7 35.a5 Bc8 36.c5 dxc5
37.Rxb4 cxb4 38.Kd4 Kf7 39.d6 Rc3 40.Ba4 Ke6 41.d7 Bxd7 42.Bxd7+ Kxd7 43.a6 Rc8
44.g4 fxg4 45.Kxe4 Ra8 46.Ra4 b3 47.Kf5 Kd6 48.Rb4 Rxa6 49.Rxb3 h5 50.Kg6 Ra2
51.Rd3+ Ke6 52.Re3+ Kd6 53.Rd3+ Ke6 54.Re3+ Kd6 55.Kxh5 Rxh2+ 56.Kxg4 Rg2+
57.Kf5 Rg1 58.Re6+ Kd5 59.Ra6 Kd4 60.Ra5 g6+ 61.Kf6 Rg4 62.f5 gxf5 63.Kxf5 Rg8  1/2-1/2